Risk-free business re-engineering : (Record no. 6964)

MARC details
000 -LEADER
fixed length control field 00678nac a22001811u 4500
082 ## - DEWEY DECIMAL CLASSIFICATION NUMBER
Classification number 658.4
Item number DIC
090 ## - LOCALLY ASSIGNED LC-TYPE CALL NUMBER (OCLC); LOCAL CALL NUMBER (OCLC)
-- 6964
-- 6964
100 ## - MAIN ENTRY--PERSONAL NAME
Personal name Dickinson, Brian
245 ## - TITLE STATEMENT
Title Risk-free business re-engineering :
Remainder of title How to slice through traditional organizational structures to best benefit you. Your business, And Your Customers/
Statement of responsibility, etc Brian Dickinson
260 ## - PUBLICATION, DISTRIBUTION, ETC. (IMPRINT)
Place of publication, distribution, etc New Delhi:
Name of publisher, distributor, etc Jacio Pub.,2004
Date of publication, distribution, etc 2004
300 ## - PHYSICAL DESCRIPTION
Extent 300p.:
Other physical details ill.;
Dimensions 23 cm.
500 ## - GENERAL NOTE
General note distributer: Al-Ahram
511 ## - PARTICIPANT OR PERFORMER NOTE
Participant or performer note catalogued by: wessam
650 ## - SUBJECT ADDED ENTRY--TOPICAL TERM
Topical term or geographic name as entry element industrial management
650 ## - SUBJECT ADDED ENTRY--TOPICAL TERM
Topical term or geographic name as entry element conflict management
650 ## - SUBJECT ADDED ENTRY--TOPICAL TERM
Topical term or geographic name as entry element organizational behaviour
942 ## - ADDED ENTRY ELEMENTS (KOHA)
Item type Book - Borrowing
Call number prefix 658.4DIC
Holdings
Withdrawn status Item status Damaged status Not for loan Home library Current library Shelving location Date acquired Source of acquisition Total Checkouts Full call number Barcode Date last seen Koha item type
        Central Library Central Library First floor 07/12/2010 Purchase   658.4DIC 000008239 15/07/2025 Book - Borrowing